000
00192nam a2200085 4500
001
1258278
005
20260304123750.0
245
_a
KUTUP SEFERLERİ
_c
SİNAN YİRMİBEŞOĞLU
260
_b
TÜBİTAK
999
_c
1258278
_d
1258278